Movies Quiz

Random Movies or Letter Quiz
Score 0/22 Timer 06:00
0 Plays Today
Letter: Year - Name Movie % Correct
A: 2009 - Hilary SwankAmelia
78.4%
F: 1997 - Nicolas CageFace/Off
73.2%
P: 1961 - Hayley MillsThe Parent Trap
70.4%
X: 2002 - Vin Diesel xXx
65.2%
N: 1983 - Chevy ChaseNational Lampoon's Vacation
59.9%
E: 2000 - David SpadeThe Emperor's New Groove
58.7%
O: 1965 - Laurence Olivier Othello
56.8%
L: 1997 - Guy PearceL.A. Confidential
51.5%
S: 2004 - Paul GiamattiSideways
51.2%
G: 1993 - Tom BerengerGettysburg
51%
D: 1978 - Ken ForeeDawn of the Dead
46.8%
Letter: Year - Name Movie % Correct
K: 2003 - Jerry O'Connell Kangaroo Jack
44.1%
T: 1960 - Laurence PayneThe Tell-Tale Heart
40.9%
W: 1988 - Val KilmerWillow
30.7%
B: 2008 - Jason StathamThe Bank Job
24.5%
H: 1968 - Clint EastwoodHang 'Em High
24.2%
Y: 1942 - James CagneyYankee Doodle Dandy
21.2%
M: 2012 - Bruce WillisMoonrise Kingdom
20.1%
Z: 1974 - Sean ConneryZardoz
11.6%
R: 1985 - Jeffrey CombsRe-Animator
7.8%
C: 1980 - Steve GuttenbergCan't Stop the Music
5.4%
U: 1953 - Kenji MizoguchiUgetsu
2.4%

You're not logged in!

Compare scores with friends on all Sporcle quizzes.
OR
Log In

Sporcle TV

Today on Sporcle TV


Watch our educational content, quiz creation guides, and fun videos on Sporcle TV.

Show Comments

Extras

Top Quizzes Today


Score Distribution

Paid Content

Your Account Isn't Verified!

In order to create a playlist on Sporcle, you need to verify the email address you used during registration. Go to your Sporcle Settings to finish the process.

Report this User

Report this user for behavior that violates our Community Guidelines.

Details: